000 00882nam a2200253Ia 4500
003 GCL
008 140319s9999 xx 000 0 ara d
020 _a5205208977
040 _aGCL /
_cGCL
082 0 4 _a690.57
_bس ت
100 1 _aسامى عبدالقادر \\=aطارق البدرىv
245 1 0 _aالتجهيزات فى صناعة الفنادق /
_cسامى عبدالقادر
250 _aالاولى
260 _aالقاهرة :
_bمكتبة مدبولى ،
_c1998
300 _a184 ص ؛
_c22 سم
490 _aالهيئة العامة للاستعلامات
_v0
650 0 4 _aالفنادق
650 0 4 _aالفنادق - تنظيم وادارة
650 0 4 _aالفنادق - اثاث
650 0 4 _aفنادق الخمسة نجوم
650 0 4 _aالفنادق العائمة
650 0 4 _aالاغذية والمشروبات
942 _2ddc
_cBK
999 _c51789
_d51789